| 000 | 01023nam a2200265 a 4500 | ||
|---|---|---|---|
| 001 | 23262 | ||
| 003 | BD-RjUL | ||
| 005 | 20211209000918.0 | ||
| 008 | 180930s19281916enkeoa b 001 0deng d | ||
| 035 | _a(BD-RjUL)23327 | ||
| 040 |
_aBD-RjUL _beng _cBD-RjUL |
||
| 041 | _aeng | ||
| 082 |
_223 _a294.363 _bCOB 1928 |
||
| 100 | 1 |
_aCoomaraswamy, Ananda K. _q(Ananda Kentish), _d1877-1947. _9223057 |
|
| 245 | 1 | 0 |
_aBuddha and the Gospel of Buddhism / _cby Ananda K. Coomaraswamy ; with illustrations in colour by Abanindro Nāth Tagore and Nanda Lāl Bose. |
| 260 |
_aLondon : _bGeorge Harrap & Co., _cc.1916 [Reprinted 1928] |
||
| 300 |
_aviii, 369 p., [40] leaves of plates : _bill. (some col.) ; _c23 cm. |
||
| 500 | _aPreface dated 1916, p. viii. | ||
| 504 | _aIncludes bibliography (p. 347-349) and index. | ||
| 650 | 0 |
_aBuddhism. _9223058 |
|
| 650 | 0 |
_aBuddha and Buddhism _9223059 |
|
| 700 |
_aTagore, Abanindro Nāth, illustrator _9223060 |
||
| 700 |
_aBose, Nanda Lāl , Jt. illustrator _9223061 |
||
| 942 |
_2ddc _cRAR |
||
| 999 |
_c23262 _d23262 |
||